Dans quel domaine s'est illustré ce scientifique? - Statistiques

Statistiques générales
  • Ce quiz a été pris 1 094 fois
  • Le résultat moyen est 7 sur 16
Statistiques - réponses
Personnage Domaine des sciences % Correct
Albert Einstein Physique
97%
Dimitri Mendeleïev Chimie
92%
Nicolas Copernic Astronomie
75%
Euclide Mathématiques
74%
Charles Darwin Biologie
71%
Simone de Beauvoir Philosophie
39%
Pierre Bourdieu Sociologie
39%
Jean-François Champollion Égyptologie
34%
Ada Lovelace Informatique
27%
Claude Lévi-Strauss Anthropologie
25%
Tite-Live Histoire
22%
Julius Richard Petri Bactériologie
20%
Abraham Maslow Psychologie
19%
Noam Chomsky Linguistique
11%
Katia Krafft Volcanologie
8%
Al Idrissi Géographie
7%
Aucun quiz correspondant
Distribution des résultats
% des personnes avec chaque résultat
Percentile par nombre de réponses
Votre historique - résultats
Vous n’avez pas pris ce quiz